El Cardenal de España (Record no. 108661)

MARC details
000 -LEADER
campo de control de longitud fija 00580nam a2200181 4500
001 - NÚMERO DE CONTROL
campo de control 108661
003 - IDENTIFICADOR DE NÚMERO DE CONTROL
campo de control ES-MaACL
005 - FECHA Y HORA DE LA ÚLTIMA TRANSACCIÓN
campo de control 20231227201904.0
007 - CAMPO FIJO DE DESCRIPCIÓN FÍSICA--INFORMACIÓN GENERAL
campo de control de longitud fija t|
008 - DATOS DE LONGITUD FIJA--INFORMACIÓN GENERAL
campo de control de longitud fija 061121s1962 sp r ||||1| spa d
100 1# - ENTRADA PRINCIPAL--NOMBRE DE PERSONA
Nombre de persona Montherlant, Henry de.
9 (RLIN) 82641
245 13 - MENCIÓN DEL TÍTULO
Título El Cardenal de España
Resto del título : Drama en tres actos /
Mención de responsabilidad, etc. Henry de Montherlant; versión castellana de José López Rubio.
260 ## - PUBLICACIÓN, DISTRIBUCIÓN, ETC.
Lugar de publicación, distribución, etc. Madrid :
Nombre del editor, distribuidor, etc. Aguilar,
Fecha de publicación, distribución, etc. 1962.
300 ## - DESCRIPCIÓN FÍSICA
Extensión 207 p. ;
Dimensiones 19 cm.
700 1# - ENTRADA AGREGADA--NOMBRE PERSONAL
Nombre de persona López Rubio, José,
Fechas asociadas al nombre 1903-1996
9 (RLIN) 73939
852 ## - LOCALIZACIÓN
Ubicación ES-MaACL
Número de control de estantería C-22047
Sublocalización o colección R.50034
Holdings
Estatus retirado Estado de pérdida Estado de daño No para préstamo Biblioteca de origen Biblioteca actual Ubicación en estantería Fecha de adquisición Fuente de adquisición Total de préstamos Signatura topográfica completa Código de barras Visto por última vez Precio de reemplazo Tipo de ítem Koha
        Biblioteca del Ateneo de Madrid Biblioteca del Ateneo de Madrid Galería 17/01/2008     C-22047 1113385 23/02/2023 23/02/2023 Libro impreso